| 000 | 01191nas a2200313 4500 | ||
|---|---|---|---|
| 001 | BR8800141 | ||
| 003 | BR-BrBNA | ||
| 005 | 20231205091018.0 | ||
| 007 | ta | ||
| 008 | 230509b bl.|||p| |||| 00| 00por d | ||
| 040 |
_aBR-BrBNA _bpor _cBiblioteca Nacional de Agricultura |
||
| 041 | _a(Pt) | ||
| 072 | _aL53 | ||
| 100 | 1 | _aOliveira, J.V.L. de | |
| 100 | 1 | _aResende, J. | |
| 100 | 1 | _aMartinez, T.C.N. | |
| 100 | 1 | _aLima, B.T. de D. | |
| 100 | 1 | _aRibeiro, M.A.T. | |
| 100 | 1 | _aLaborda, S. da S. | |
| 245 | 1 | _aFertilidade em caprinos quanto aos aspectos fisicos do semen e espermocultura em animais usados como reprodutores em rebanhos no nordeste do estado da Bahia [Brasil] | |
| 246 | 1 | _aCaprine fertility, in regard to physical aspect of the semen and spermculture from animals used as reproducers, in flocks of the northeast state of Bahia | |
| 650 | _aCAPRINO | ||
| 650 | _aFISIOLOGIA REPRODUTIVA | ||
| 650 | _aSEMEN | ||
| 650 | _aBAHIA | ||
| 773 | 0 |
_tArquivos da Escola de Medicina Veterinaria da Universidade Federal da Bahia (Brazil) _xISSN 0100-2597 _g(1984-1985), v. 9(1) p. 19-33 _wBR8800141 |
|
| 909 |
_a202311 _bLúcia _c55 _dLúcia Elande |
||
| 942 |
_2AGRIS _n0 _cANA |
||
| 999 |
_c122208 _d122208 |
||